Statistics for FIFA FOOTBALL CROATIA PLAYERS BY PICTURE

Click here to take the quiz!

General Stats

  • This quiz has been taken 44 times
  • The average score is 10 of 12

Answer Stats

Answer% Correct
Luka Modric
100%
Mario Mandžukić
98%
Ivan Perišić
95%
Joško Gvardiol
95%
Mateo Kovacic
93%
Marcelo Brozovic
88%
Ivan Rakitić
86%
Andrej Kramarić
72%
Danijel Subašić
72%
Dominik Livaković
72%
Dejan Lovren
63%
Ante Rebić
60%

Score Distribution

Percentile by Number Answered

Percent of People with Each Score

Your Score History

You have not taken this quiz